Seven crows
| Main Author: | Vornholt, John |
|---|---|
| Published: |
New York:
Pocket Books,
2003.
|
| Series: |
Buffy the vampire slayer. Angel
|
| Subjects: |
| LEADER | 00491cam a2200157 7i4500 | ||
|---|---|---|---|
| 001 | 0000008253 | ||
| 005 | 20150914090000.0 | ||
| 020 | |a 0743468651 | ||
| 090 | 0 | 0 | |a F |b VOR 2003 |
| 100 | 1 | |a Vornholt, John | |
| 245 | 1 | 0 | |a Seven crows |c by John Vornholt. |
| 260 | |a New York: |b Pocket Books, |c 2003. | ||
| 300 | |a 278 p.; |c 18 cm. | ||
| 490 | 1 | |a Buffy the vampire slayer. Angel | |
| 500 | |a An original novel based on the hit TV series created by Joss Whedon & David Greenwalt -- Cover | ||
| 650 | 0 | 0 | |a English fiction |


